000 00271nam a2200097Ia 4500
001 795268
005 20250826170724.0
008 250824s9999 xx 000 0 und d
245 0 _aMİMAR SİNAN MİMARİDEKİ OSMANLI MÜHRÜ
_cYAVUZ BAHADIROĞLU
260 _bPANAMA YAYINLARI
999 _c795268
_d795268